<?xml version="1.0" encoding="UTF-8"?>
<record
    xmlns:xsi="http://www.w3.org/2001/XMLSchema-instance"
    xsi:schemaLocation="http://www.loc.gov/MARC21/slim http://www.loc.gov/standards/marcxml/schema/MARC21slim.xsd"
    xmlns="http://www.loc.gov/MARC21/slim">

  <leader>00782nam a2200277Ia 4500</leader>
  <controlfield tag="005">20220316235338.0</controlfield>
  <controlfield tag="008">121119s2003    ck     gr     000 0 spa  </controlfield>
  <datafield tag="020" ind1=" " ind2=" ">
    <subfield code="a">9583001236</subfield>
  </datafield>
  <datafield tag="041" ind1="0" ind2=" ">
    <subfield code="a">spa</subfield>
  </datafield>
  <datafield tag="082" ind1="0" ind2="4">
    <subfield code="a">321.01</subfield>
    <subfield code="b">P41r</subfield>
  </datafield>
  <datafield tag="100" ind1="0" ind2=" ">
    <subfield code="a">Plat&#xF3;n </subfield>
    <subfield code="d">428 a.C-347 a.C.</subfield>
  </datafield>
  <datafield tag="245" ind1="1" ind2="3">
    <subfield code="a">La Rep&#xFA;blica</subfield>
    <subfield code="c">Plat&#xF3;n</subfield>
  </datafield>
  <datafield tag="250" ind1=" " ind2=" ">
    <subfield code="a">Primera edici&#xF3;n</subfield>
  </datafield>
  <datafield tag="264" ind1=" " ind2="1">
    <subfield code="a">Bogot&#xE1;</subfield>
    <subfield code="b">Panamericana</subfield>
    <subfield code="c">2003</subfield>
  </datafield>
  <datafield tag="300" ind1=" " ind2=" ">
    <subfield code="a">432 p&#xE1;ginas</subfield>
    <subfield code="c">19 cm.</subfield>
  </datafield>
  <datafield tag="336" ind1=" " ind2=" ">
    <subfield code="a">texto</subfield>
    <subfield code="b">txt</subfield>
    <subfield code="2">rdacontent</subfield>
  </datafield>
  <datafield tag="337" ind1=" " ind2=" ">
    <subfield code="a">sin mediaci&#xF3;n</subfield>
    <subfield code="b">n</subfield>
    <subfield code="2">rdamedia</subfield>
  </datafield>
  <datafield tag="338" ind1=" " ind2=" ">
    <subfield code="a">volumen</subfield>
    <subfield code="b">nc</subfield>
    <subfield code="2">rdacarrier</subfield>
  </datafield>
  <datafield tag="490" ind1="0" ind2=" ">
    <subfield code="a">Filosof&#xED;a y pol&#xED;tica</subfield>
  </datafield>
  <datafield tag="650" ind1="1" ind2="4">
    <subfield code="2">LEMB</subfield>
    <subfield code="a">Ciencia pol&#xED;tica</subfield>
  </datafield>
  <datafield tag="650" ind1="1" ind2="4">
    <subfield code="2">LEMB</subfield>
    <subfield code="a">Estado</subfield>
  </datafield>
  <datafield tag="650" ind1="1" ind2="4">
    <subfield code="2">LEMB</subfield>
    <subfield code="a">Utop&#xED;as</subfield>
  </datafield>
  <datafield tag="650" ind1="1" ind2="4">
    <subfield code="2">LEMB</subfield>
    <subfield code="a">Filosof&#xED;a antigua</subfield>
  </datafield>
  <datafield tag="942" ind1=" " ind2=" ">
    <subfield code="2">ddc</subfield>
    <subfield code="c">BKLIT</subfield>
  </datafield>
  <datafield tag="040" ind1=" " ind2=" ">
    <subfield code="a">CO-BoRNBP</subfield>
    <subfield code="b">spa</subfield>
    <subfield code="e">rda</subfield>
    <subfield code="c">CO-BoRNBP</subfield>
  </datafield>
  <datafield tag="999" ind1=" " ind2=" ">
    <subfield code="c">673</subfield>
    <subfield code="d">673</subfield>
  </datafield>
  <datafield tag="952" ind1=" " ind2=" ">
    <subfield code="0">0</subfield>
    <subfield code="1">0</subfield>
    <subfield code="2">ddc</subfield>
    <subfield code="4">0</subfield>
    <subfield code="7">0</subfield>
    <subfield code="8">GEN</subfield>
    <subfield code="a">MEPLLERAS</subfield>
    <subfield code="b">MEPLLERAS</subfield>
    <subfield code="c">GEN</subfield>
    <subfield code="d">2023-05-18</subfield>
    <subfield code="l">0</subfield>
    <subfield code="o">321.01 P41r1</subfield>
    <subfield code="p">PLL00361</subfield>
    <subfield code="r">2023-05-18 00:00:00</subfield>
    <subfield code="t">Ej.1</subfield>
    <subfield code="w">2023-05-18</subfield>
    <subfield code="y">BK</subfield>
  </datafield>
  <datafield tag="952" ind1=" " ind2=" ">
    <subfield code="0">0</subfield>
    <subfield code="1">0</subfield>
    <subfield code="2">ddc</subfield>
    <subfield code="4">0</subfield>
    <subfield code="7">0</subfield>
    <subfield code="8">GEN</subfield>
    <subfield code="a">MEVHERMO</subfield>
    <subfield code="b">MEVHERMO</subfield>
    <subfield code="c">GEN</subfield>
    <subfield code="d">2023-07-13</subfield>
    <subfield code="l">0</subfield>
    <subfield code="o">321.01 P41r</subfield>
    <subfield code="p">VIS00240</subfield>
    <subfield code="r">2023-07-13 00:00:00</subfield>
    <subfield code="t">Ej.1</subfield>
    <subfield code="w">2023-07-13</subfield>
    <subfield code="y">BKLIT</subfield>
  </datafield>
  <datafield tag="952" ind1=" " ind2=" ">
    <subfield code="0">0</subfield>
    <subfield code="1">0</subfield>
    <subfield code="2">ddc</subfield>
    <subfield code="4">0</subfield>
    <subfield code="7">0</subfield>
    <subfield code="8">GEN</subfield>
    <subfield code="a">MECASTIL</subfield>
    <subfield code="b">MECASTIL</subfield>
    <subfield code="c">GEN</subfield>
    <subfield code="d">2023-07-18</subfield>
    <subfield code="l">0</subfield>
    <subfield code="o">321.01 P41r1</subfield>
    <subfield code="p">EC01087</subfield>
    <subfield code="r">2023-07-18 21:31:26</subfield>
    <subfield code="t">Ej.1</subfield>
    <subfield code="w">2023-07-18</subfield>
    <subfield code="y">BKLIT</subfield>
  </datafield>
</record>
